Spanish Vocab by Category - Verbs 1 - Statistics

General Stats
  • This quiz has been taken 1,115 times
  • The average score is 55 of 121
Answer Stats
Hint Answer % Correct
To open Abrir
92%
To eat Comer
82%
To drink Beber
81%
To dance Bailar
80%
To buy Comprar
79%
To run Correr
79%
To write Escribir
79%
To sing Cantar
78%
To study Estudiar
78%
To help Ayudar
77%
To love Amar
76%
To learn Aprender
75%
To cook Cocinar
75%
To believe Creer
75%
To speak Hablar
74%
To make, do Hacer
74%
To read Leer
74%
To give Dar
73%
To say, tell Decir
73%
To listen to Escuchar
72%
To smoke Fumar
71%
To cost Costar
70%
To change Cambiar
68%
To play (a game or sport) Jugar
68%
To continue Continuar
67%
To decide Decidir
67%
To sleep / To fall asleep Dormir / Dormirse
67%
To search for Buscar
66%
To close Cerrar
66%
To count, relate, tell Contar
66%
To accept, or approve of Aceptar
65%
To know (people, places) Conocer
65%
To teach Enseñar
65%
To understand Entender
65%
To win, gain, earn Ganar
65%
To enter Entrar
63%
To go / To go away Ir / Irse
63%
To begin Empezar
62%
To understand Comprender
61%
To describe Describir
61%
To be (health, location, state) Estar
61%
To wash Lavar
61%
To cut Cortar
60%
To draw Dibujar
60%
To take a shower Ducharse
60%
To explain Explicar
60%
To find Encontrarse
59%
To hope; To wait for Esperar
59%
To send Enviar
58%
To exist Existir
58%
To turn off Apagar
57%
To take a bath Bañarse
55%
To spend Gastar
54%
To convert Convertir
53%
To begin Comenzar
52%
To sign Firmar
52%
To include Incluir
51%
To go to bed Acostarse
49%
To drive Conducir
49%
To cancel Cancelar
47%
To owe; should, ought to Deber
47%
To become sick Enfermarse
47%
To discover Descubrir
46%
To compare Comparar
45%
To cure Curar
45%
To destroy Destruir
45%
To create, make Crear
44%
To wish Desear
44%
To wake up Despertarse
42%
To hurt Doler
42%
To form, shape, fashion, make Formar
42%
To rent Alquilar
41%
To consider Considerar
40%
To rest Descansar
40%
To walk; to ride Andar
39%
To choose, elect Elegir
38%
To be important to; To import Importar
38%
To finish/end; To have just done Acabar
37%
To shout Gritar
37%
To shave oneself Afeitarse
36%
To fall Caerse
35%
To fall in love with Enamorarse
34%
To raise, lift / To get up Levantar / Levantarse
34%
To leave, abandon; To let, allow Dejar
32%
To doubt Dudar
31%
To become angry Enojarse
31%
To add to Añadir
30%
To fit Caber
29%
To appear; to show up Aparecer
28%
To support Apoyar
24%
To rely on Apoyarse
24%
To establish Establecer
24%
To try, attempt Intentar
24%
To push, impel, shove, pressure, urge Empujar
23%
To get, obtain Conseguir
22%
To avoid Evitar
21%
To increase Aumentar
20%
To hide Esconder
20%
To turn on Encender
19%
To please, be pleasing Gustar
19%
To direct Dirigir
18%
To reach, or catch up to Alcanzar
17%
To blame Culpar
17%
To become happy Alegrarse
16%
To apologize; to excuse oneself Disculparse
16%
To throw, launch Lanzar
16%
To hurt Dañar / Herir
14%
To advise Aconsejar
13%
To deliver Entregar
13%
To fulfill Cumplir
10%
To hurry up Apurarse
8%
To spell Deletrear
8%
To cast, fling, hurt, pitch, throw Echar
8%
To confide in, trust Fiar
8%
To kneel down Arrodillarse
6%
To defeat, beat Derrotar
6%
To become sad Entristecerse
5%
To sum up; To put into code Cifrar
3%
To turn around Darse vuelta
3%
To belong (fit in socially) Encajar
3%
To adjust to, or get used to Adecuar
2%
No matching quizzes found
Score Distribution
Percent of People with Each Score
Percentile by Number Answered
Your Score History
You have not taken this quiz